000 00529nam a2200181Ia 4500
999 _c28927
_d28927
003 OSt
005 20201228115614.0
008 190216s9999||||xx |||||||||||||| ||und||
020 _a9788182641099
040 _coclc
082 _a894.8129
_bNAI/O
100 _aNair, K V
_97907
245 0 _aOru Pravasi Doctorude Diary /
_cK V Nair
260 _bMathrubhumi Printing And Publishing,
_aKozhikode:
_c2006.
300 _a92p
650 _aOormakurip
942 _cBK
_2ddc
_h894.8129
_iNAI/O
_k894.8129
_mNAI/O